Algebra for the practical man (Record no. 543670)
[ view plain ]
| 000 -LEADER | |
|---|---|
| fixed length control field | 00419nam a22001457a 4500 |
| 082 ## - DEWEY DECIMAL CLASSIFICATION NUMBER | |
| Classification number | 512 |
| Author Mark | THO |
| -- | L-1, P-3 |
| 100 ## - MAIN ENTRY--PERSONAL NAME | |
| Personal name | Thompson, J.E |
| 9 (RLIN) | 39125 |
| 245 ## - TITLE STATEMENT | |
| Title | Algebra for the practical man |
| Statement of responsibility, etc. | J.E. Thompson |
| 250 ## - EDITION STATEMENT | |
| Edition statement | 2nd ed. |
| 260 ## - PUBLICATION, DISTRIBUTION, ETC. | |
| Place of publication, distribution, etc. | New York |
| Name of publisher, distributor, etc. | D.Van Nostrand Company, Inc |
| Date of publication, distribution, etc. | c 1946. |
| 300 ## - PHYSICAL DESCRIPTION | |
| Extent | xx, 300 p. : |
| Other physical details | ill. ; |
| Dimensions | 20 cm |
| 526 ## - STUDY PROGRAM INFORMATION NOTE | |
| Program name | 0 |
| Interest level | 0 |
| Reading level | 0 |
| Title point value | 512_000000000000000_THO |
| 650 ## - SUBJECT ADDED ENTRY--TOPICAL TERM | |
| Topical term or geographic name entry element | MCE |
| 9 (RLIN) | 379 |
| 942 ## - ADDED ENTRY ELEMENTS (KOHA) | |
| Source of classification or shelving scheme | |
| Koha item type | Book |
| Withdrawn status | Lost status | Source of classification or shelving scheme | Damaged status | Not for loan | Permanent Location | Current Location | Date acquired | Total Checkouts | Full call number | Barcode | Date last seen | Price effective from | Koha item type |
|---|---|---|---|---|---|---|---|---|---|---|---|---|---|
| Military College of Engineering (MCE) | Military College of Engineering (MCE) | 03/28/2014 | 512 THO | MCE-29054 | 03/28/2014 | 03/14/2021 | Book |
